| 000 | 00436nam a22001817a 4500 | ||
|---|---|---|---|
| 003 | CEME | ||
| 005 | 20210628203954.0 | ||
| 008 | 210105b xxu||||| |||| 00| 0 eng d | ||
| 020 | _a9789380931722 | ||
| 040 | _c. | ||
| 082 | _a620.11 ASH | ||
| 100 |
_aAshby, Michael F _968090 |
||
| 245 | _aMaterials selection in mechanical design | ||
| 250 | _a4TH | ||
| 260 |
_aBOSTON _bELSEVIER _c2011 |
||
| 300 | _aXV, 646P | ||
| 942 |
_cBK _2ddc |
||
| 999 |
_c575738 _d575738 |
||